zpět

Detail výsledku týmu

MaxWilliam, Znojmo

Datum a čas kvízu

25 Celkem bodů Celkový počet nahraných bodů na tomto kvízu bez doplňovacích otázek.
7. Pořadí na kvízu Konečné umístění týmu na tomto kvízu.

Zaznamenané odpovědi

# Otázka Odpověď Body Výsledky
1. Nejvlivnější ženou Česka podle... Lenka Bradáčová 0
2. Taxikář Jorge ze španělského m... jezdí v sukni 0
3. Minulý týden se vrátil do kin... Hana Brejchová 0
4. Americký fond General Atlantic... Kiwi.com 0
5. Oštěpařka Barbora Špotáková se... Řím 0
6. Na každé písmeno abecedy exist... geologie 0
5. Jaký je název lékařského oboru... geriatrie 0
8. Uveďte název nauky o určování... geochronologie 0
5. Nyní se zeptáme na název oboru... genologie 0
5. Jak se nazývá nauka o vztahu k... gastronomie 1